000 01086cab a2200289 4500
001 ABS46247
008 090401t1992 xxu||||| |||| 00| 0 eng d
035 _a(Sirsi) u57345
041 _aeng
100 _aMetliss, M.
245 _aLife after Billson
260 _c1992
350 _a0
490 _aEstates Gazette
_v(9216) 25 April 1992, 90-94(2)
520 _aRefutes "Billson v Residential Apartments Ltd" HL 1992 as a complete victory for tenants, since the right of re-entry, where tenants are in arrears remains intact and the granting of relief by the courts is discretionary. Alternatives for the landlord, such as service of section 146 notices are covered.
650 _aBILLSON AND OTHERS V RESIDENTIAL APARTMENTS LTD
650 _aBREACH OF COVENANT
650 _aFORFEITURE
650 _aRELIEF AGAINST FORFEITURE
650 _aRIGHT OF RE-ENTRY
650 _aPEACEABLE RE-ENTRY
650 _aLAW OF PROPERTY ACT 1925 S146
650 _aSECTION 146 NOTICES
690 _aLANDLORD AND TENANT-BUSINESS TENANCIES
942 _n0
948 _c04/03/1997
999 _c34955
_d34955